"From EDI to Electronic Commerce : Confernce Proceedings Oct.30- Nov. 1, 1996 New Delhi, India" (Record no. 481938)

MARC details
000 -LEADER
fixed length control field 00929nam a2200229Ia 4500
008 - FIXED-LENGTH DATA ELEMENTS--GENERAL INFORMATION
fixed length control field 100315s9999 xx 000 0 und d
020 ## - INTERNATIONAL STANDARD BOOK NUMBER
International Standard Book Number 0074630407 
040 ## - CATALOGING SOURCE
Transcribing agency ENGLISH 
082 ## - DEWEY DECIMAL CLASSIFICATION NUMBER
Item number 7203 
Classification number 005.74 
100 ## - MAIN ENTRY--PERSONAL NAME
Personal name "Bajaj, K.K., Nag, Debjani "
245 ## - TITLE STATEMENT
Title "From EDI to Electronic Commerce : Confernce Proceedings Oct.30- Nov. 1, 1996 New Delhi, India"
260 ## - PUBLICATION, DISTRIBUTION, ETC. (IMPRINT)
Place of publication, distribution, etc NEW DELHI 
Name of publisher, distributor, etc TATA MCGRAW-HILL  
Date of publication, distribution, etc 1997 
300 ## - PHYSICAL DESCRIPTION
Extent "xii,320  "
365 ## - TRADE PRICE
Price note Rupees 
Unit of pricing
Price amount 0.00 
366 ## - TRADE AVAILABILITY INFORMATION
Publishers' discount category
505 ## - FORMATTED CONTENTS NOTE
Miscellaneous information Vaibhav Gaikwad 
530 ## - ADDITIONAL PHYSICAL FORM AVAILABLE NOTE
Availability source Donated by RBI Library  
620 ## -
-- "Electronic Commerce, Trade Procedures, Electronic Data Interchange, Value Added Networks "
630 ## - SUBJECT ADDED ENTRY--UNIFORM TITLE
Uniform title "From EDI to Electronic Commerce : Confernce Proceedings Oct.30- Nov. 1, 1996 New Delhi, India"
730 ## - ADDED ENTRY--UNIFORM TITLE
Uniform title "From EDI to Electronic Commerce : Confernce Proceedings Oct.30- Nov. 1, 1996 New Delhi, India"
942 ## - ADDED ENTRY ELEMENTS (KOHA)
Koha item type Book
Holdings
Withdrawn status Lost status Damaged status Not for loan Home library Current library Date acquired Cost, normal purchase price Total Checkouts Full call number Barcode Date last seen Price effective from Koha item type
        Dr. V. N. Bedekar Institute of Management Studies Library Dr. V. N. Bedekar Institute of Management Studies Library 03/28/2009 0.00   005.74 /BAJ/NAG  7203  VPMBRIMS-7203  03/19/2010 03/19/2010 Book